Central Library OPAC University of Rajshahi

A history of Greece from the earliest times to the death of Alexander the Great / (Record no. 24414)

MARC details
000 -LEADER
fixed length control field 00781nam a2200241 a 4500
001 - CONTROL NUMBER
control field 24414
003 - CONTROL NUMBER IDENTIFIER
rucl marc code UkOxU
005 - DATE AND TIME OF LATEST TRANSACTION
control field 20211209001040.0
008 - FIXED-LENGTH DATA ELEMENTS--GENERAL INFORMATION
fixed length control field 140313s1962 enkab 001 0 eng d
035 ## - SYSTEM CONTROL NUMBER
System control number (BD-RjUL)24480
040 ## - CATALOGING SOURCE
Original cataloging agency DLC
Transcribing agency OT
Modifying agency DLC
-- BD-RjUL
Language of cataloging eng
041 ## - LANGUAGE CODE
Language code of text/sound track or separate title eng
082 04 - DEWEY DECIMAL CLASSIFICATION NUMBER
Classification number 938
Author mark and year OMH 1962
100 1# - MAIN ENTRY--PERSONAL NAME
Personal name Oman, Charles,
Dates associated with a name 1860-1946
9 (RLIN) 71386
245 12 - TITLE STATEMENT
Title A history of Greece from the earliest times to the death of Alexander the Great /
Statement of responsibility, etc. by C. W. C. Oman.
260 ## - PUBLICATION, DISTRIBUTION, ETC. (IMPRINT)
Place of publication, distribution, etc. London, New York [etc.] :
Name of publisher, distributor, etc. Longmans, Green, and co.,
Date of publication, distribution, etc. 1961.
300 ## - PHYSICAL DESCRIPTION
Pagination xiii, 560 p. incl. front., illus., maps :
Illustrations 2 fold. maps ;
Size 19 cm.
504 ## - BIBLIOGRAPHY, ETC. NOTE
Bibliography, etc Includes Index
651 #0 - SUBJECT ADDED ENTRY--GEOGRAPHIC NAME
Geographic name Greece
General subdivision History
Chronological subdivision To 146 B.C.
9 (RLIN) 75106
942 ## - ADDED ENTRY ELEMENTS (KOHA)
Source of classification or shelving scheme Dewey Decimal Classification
Koha item type Books
Holdings
Lost status Source of classification or shelving scheme Damaged status Not for loan Collection code Permanent Location Current Location Shelving location Date acquired Source of acquisition Cost, normal purchase price Total Checkouts Full call number Date last seen Copy number Koha item type
  Dewey Decimal Classification     Non-fiction Central Library, University of Rajshahi Central Library, University of Rajshahi   06/12/1968 Zeitlinger 35.00   938 OMH 1962 13/03/2014 C-2 Books
  Dewey Decimal Classification     Non-fiction Central Library, University of Rajshahi Central Library, University of Rajshahi Reading Room 06/12/1968 zeithinger 35.00   938 OMH 1962 24/03/2014 C-4 Books